| 000 | 01053nam0a22002411i 4500 | ||
|---|---|---|---|
| 001 | rc\3588759 | ||
| 005 | 20240726080841.0 | ||
| 021 |
_aRU _b[72-19628а] |
||
| 035 | _a(NLR Aleph) 007807709 | ||
| 090 |
_a7703308 _c7703308 |
||
| 100 | _a20130115d1972 |||y0rusy50 ca | ||
| 101 | 0 | _arus | |
| 102 | _aRU | ||
| 105 | _ay d ||||| | ||
| 200 | 1 |
_aЭндемический зоб в Джамбульской области _e(Клинико-стат. исследование) _eАвтореф. дис. на соиск. учен. степени канд. мед. наук _e(777) _fОбъедин. учен. совет ин-тов физиологии, краев. патологии, клинич. и эксперим. хирургии АН КазССР |
|
| 210 |
_aАлма-Ата _d1972 |
||
| 215 | _a22 с. | ||
| 606 |
_aЗоб эндемический _xГеографическое распространение _2psbo |
||
| 700 | 1 |
_aПолях _bР.В. |
|
| 801 | 0 |
_aRU _bNLR _gpsbo |
|
| 801 | 1 |
_aRU _bELAR _2rusmarc |
|
| 852 |
_aNLR _j73-4/4520 |
||
| 942 | _cBOOK | ||